[Event "Steinfurt Bezirksklasse 0304"]
[Site "Germany"]
[Date "2004.03.20"]
[Round "8.4"]
[White "Altfeld, Juergen"]
[Black "Tietz, Hans Joachim"]
[Result "1/2-1/2"]
[WhiteElo "1472"]
[BlackElo "1578"]
[PlyCount "28"]
[EventDate "2003.09.27"]
[EventType "team-tourn"]
[EventRounds "11"]
[EventCountry "GER"]
[SourceTitle "EXT 2005"]
[Source "ChessBase"]
[SourceDate "2004.11.15"]
[SourceVersion "1"]
[SourceVersionDate "2004.11.15"]
[SourceQuality "1"]
[WhiteTeam "Nordwalde II"]
[BlackTeam "Saerbeck Falke III"]
[WhiteTeamCountry "GER"]
[BlackTeamCountry "GER"]

1. e4 e5 2. Bc4 Nf6 3. Nf3 Nc6 4. d3 Be7 5. Nc3 h6 6. Nd5 d6 7. Ne3 0-0 8. Nh4 Na5 9. Ng6 Nxc4 10. Nxe7+ Qxe7 11. Nxc4 Bg4 12. f3 Be6 13. Ne3 Qd7 14. 0-0 c6 1/2-1/2

[Event "Steinfurt Bezirksklasse 0304"]
[Site "Germany"]
[Date "2004.02.07"]
[Round "6.5"]
[White "Ulbricht Weiss, Wolfgang"]
[Black "Altfeld, Juergen"]
[Result "0-1"]
[WhiteElo "1207"]
[BlackElo "1472"]
[PlyCount "108"]
[EventDate "2003.09.27"]
[EventType "team-tourn"]
[EventRounds "11"]
[EventCountry "GER"]
[SourceTitle "EXT 2005"]
[Source "ChessBase"]
[SourceDate "2004.11.15"]
[SourceVersion "1"]
[SourceVersionDate "2004.11.15"]
[SourceQuality "1"]
[WhiteTeam "Rheine CC"]
[BlackTeam "Nordwalde II"]
[WhiteTeamCountry "GER"]
[BlackTeamCountry "GER"]

1. e4 e5 2. Nf3 Nc6 3. Bc4 Bc5 4. Nc3 a6 5. b3 Nf6 6. Bb2 d6 7. 0-0 Bg4 8. h3 Bh5 9. Be2 Bxf3 10. Bxf3 Nd4 11. Na4 Ba7 12. c3 Ne6 13. Bc1 Qd7 14. d3 b5 15. Nb2 0-0-0 16. Re1 h5 17. Be3 Bxe3 18. Rxe3 g5 19. g4 Nf4 20. Be2 Nxe2+ 21. Qxe2 hxg4 22. Rg3 Rxh3 23. Rxh3 gxh3 24. Qf3 Qg4+ 25. Qxg4+ Nxg4 26. f3 Ne3 27. Kh2 Rh8 28. Rh1 Ng2 29. Nd1 c5 30. Nf2 Nf4 31. d4 exd4 32. cxd4 cxd4 33. Rd1 Ne6 34. Rg1 f6 35. Rg3 Nf4 36. Rg1 Kb7 37. Rd1 Ne6 38. Nd3 a5 39. Nb2 Kb6 40. a4 bxa4 41. bxa4 Rc8 42. Kxh3 Nf4+ 43. Kg4 Rc2 44. Rb1 Kc6 45. Kf5 d3 46. Nxd3 Nxd3 47. Rb5 Rc5+ 48. Kxf6 Rxb5 49. axb5+ Kxb5 50. Kxg5 a4 51. f4 Nxf4 52. Kxf4 a3 53. Kf5 Kc5 54. e5 dxe5 0-1

[Event "Steinfurt Bezirksliga 0203"]
[Site "Germany"]
[Date "2003.04.26"]
[Round "8.6"]
[White "Altfeld, Juergen"]
[Black "Sterthaus, Paul"]
[Result "1-0"]
[WhiteElo "1446"]
[BlackElo "1520"]
[PlyCount "53"]
[EventDate "2002.09.14"]
[EventType "team-tourn"]
[EventRounds "9"]
[EventCountry "GER"]
[SourceTitle "EXT 2004"]
[Source "ChessBase"]
[SourceDate "2003.11.25"]
[SourceVersion "1"]
[SourceVersionDate "2003.11.25"]
[SourceQuality "1"]
[WhiteTeam "Nordwalde II"]
[BlackTeam "Neuenkirchen II"]
[WhiteTeamCountry "GER"]
[BlackTeamCountry "GER"]

1. e4 c5 2. c3 e5 3. d4 cxd4 4. cxd4 exd4 5. Qxd4 Nc6 6. Qd1 Bc5 7. Nf3 Nge7 8. Bc4 0-0 9. 0-0 d6 10. a3 a5 11. Nc3 Bg4 12. Be3 Bxf3 13. Qxf3 Ne5 14. Qe2 Nxc4 15. Qxc4 Rc8 16. Qd3 Nc6 17. Nd5 b6 18. Qb3 Rb8 19. Rad1 Qh4 20. f3 b5 21. Qc2 Bxe3+ 22. Nxe3 Qg5 23. Nf5 Ne5 24. f4 Qf6 25. Rxd6 Rfc8 26. Qe2 Nf3+ 27. gxf3 1-0

[Event "Steinfurt Bezirksliga 0203"]
[Site "Germany"]
[Date "2003.03.22"]
[Round "7.7"]
[White "Altfeld, Juergen"]
[Black "Hartmann, Eugen"]
[Result "0-1"]
[WhiteElo "1446"]
[BlackElo "1788"]
[PlyCount "72"]
[EventDate "2002.09.14"]
[EventType "team-tourn"]
[EventRounds "9"]
[EventCountry "GER"]
[SourceTitle "EXT 2004"]
[Source "ChessBase"]
[SourceDate "2003.11.25"]
[SourceVersion "1"]
[SourceVersionDate "2003.11.25"]
[SourceQuality "1"]
[WhiteTeam "Nordwalde II"]
[BlackTeam "Ibbenbueren II"]
[WhiteTeamCountry "GER"]
[BlackTeamCountry "GER"]

1. e4 c6 2. d4 d5 3. e5 Bf5 4. Bd3 Bxd3 5. Qxd3 e6 6. Ne2 Qb6 7. b3 c5 8. c3 Nc6 9. Ba3 Qa5 10. 0-0 c4 11. bxc4 dxc4 12. Qxc4 Bxa3 13. Nxa3 Qxa3 14. Rfb1 Qe7 15. Qb5 0-0-0 16. a4 Qc7 17. a5 Rd5 18. Qb3 Rxa5 19. Rxa5 Nxa5 20. Qa3 b6 21. Qf8+ Qd8 22. Qxg7 Ne7 23. Qxf7 Kd7 24. d5 exd5 25. Rd1 Kc6 26. Nd4+ Kb7 27. Nf5 Nac6 28. Nd6+ Kb8 29. Rxd5 Qg8 30. Rb5 Qg4 31. Qb3 Qe2 32. Rxb6+ Ka8 33. Qb1 axb6 34. Qa1+ Kb8 35. g3 Qxe5 36. Qa3 Qc5 0-1

[Event "Steinfurt Bezirksliga 0203"]
[Site "Germany"]
[Date "2002.12.21"]
[Round "4.6"]
[White "Altfeld, Juergen"]
[Black "Limberg, Johannes"]
[Result "1/2-1/2"]
[WhiteElo "1446"]
[BlackElo "1437"]
[PlyCount "80"]
[EventDate "2002.09.14"]
[EventType "team-tourn"]
[EventRounds "9"]
[EventCountry "GER"]
[SourceTitle "EXT 2004"]
[Source "ChessBase"]
[SourceDate "2003.11.25"]
[SourceVersion "1"]
[SourceVersionDate "2003.11.25"]
[SourceQuality "1"]
[WhiteTeam "Nordwalde II"]
[BlackTeam "Rheine SG"]
[WhiteTeamCountry "GER"]
[BlackTeamCountry "GER"]

1. e4 e5 2. Nf3 Nc6 3. Bc4 Be7 4. Nc3 d6 5. d3 Bg4 6. Be3 Na5 7. Bb3 Nxb3 8. axb3 b6 9. h3 Bh5 10. g4 Bg6 11. Ra6 Nf6 12. Qa1 0-0 13. Rxa7 Rxa7 14. Qxa7 Qb8 15. Qxb8 Rxb8 16. Kd2 Ra8 17. Nb5 c5 18. c4 Ra2 19. Kc2 Nxe4 20. b4 Nf6 21. Nh4 Nd5 22. cxd5 Bxh4 23. Nxd6 Be7 24. bxc5 bxc5 25. Bxc5 Bxd6 26. Bxd6 e4 27. Kb3 Ra5 28. Rc1 h6 29. Rc8+ Kh7 30. Rc5 Ra7 31. dxe4 Bxe4 32. Bc7 Bxd5+ 33. Rxd5 Rxc7 34. Rd3 Kg6 35. f4 f6 36. Ka2 h5 37. b3 hxg4 38. hxg4 Rb7 39. Kb2 Rb4 40. Rf3 f5 1/2-1/2